| 000 | 00934nam a22002897a 4500 | ||
|---|---|---|---|
| 003 | CHAP | ||
| 005 | 20220329134738.0 | ||
| 008 | 971013s r 00010 d | ||
| 010 | _a25173 | ||
| 011 | _a26145 | ||
| 035 | _a30245 | ||
| 040 | _cCHAP | ||
| 082 |
_a641.1 _bC65 |
||
| 110 |
_aCommonwealth Scientific and Industrial Research Organization. Division of Food Research _926034 |
||
| 245 | _aReport of research... | ||
| 260 |
_aSydney : _bThe Commonwealth, _c19 - . |
||
| 300 |
_av. _b: ilus. |
||
| 500 | _aLa biblioteca tiene: 1972-73 | ||
| 590 |
_aBATCH-UPD _b10 _c20130110 _lUCH01 _h1445 |
||
| 590 |
_aBATCH-UPD _b10 _c20130410 _lUCH01 _h0915 |
||
| 590 |
_aBATCH-UPD _b10 _c20130914 _lUCH01 _h0127 |
||
| 590 |
_aCONVERSION _b10 _c20130109 _lUCH01 _h1315 |
||
| 650 | 1 | 4 |
_aAlimentos _xInvestigación. _94240 |
| 901 | _aBK | ||
| 942 | _cLIBRO | ||
| 949 |
_a641.1 C65 _bBC _cLIBRO _d33724000660601 _eLIBRO _f1972-73 _h42826 _i30245 _mD _si |
||
| 999 |
_c25173 _d25173 |
||